Vykupovanie akcií od menšinových akcionárov (uplatnenie práva výkupu "squeeze-out")
Inštitút práva výkupu akcií od minoritných akcionárov (squeeze-out) podľa Smernice Európskeho parlamentu a Rady Európskej únie 2004/25/ES z 21. apríla 2004. Podmienky realizácie vytesnenia menšinových akcionárov.
Enregistré dans:
| Auteur principal: | |
|---|---|
| Format: | Chapitre de livre |
| Langue: | slovaque |
| Sujets: | |
| Tags: |
Pas de tags, Soyez le premier à ajouter un tag!
|
MARC
| LEADER | 00000naa$a2200000$$$4500 | ||
|---|---|---|---|
| 001 | 0099064 | ||
| 005 | 20231127095622.0 | ||
| 041 | 0 | |a slo | |
| 044 | |a SK | ||
| 245 | 1 | 0 | |a Vykupovanie akcií od menšinových akcionárov (uplatnenie práva výkupu "squeeze-out") |c Marián Kačúr |
| 520 | |a Inštitút práva výkupu akcií od minoritných akcionárov (squeeze-out) podľa Smernice Európskeho parlamentu a Rady Európskej únie 2004/25/ES z 21. apríla 2004. Podmienky realizácie vytesnenia menšinových akcionárov. | ||
| 610 | 2 | 0 | |a harmonizácia |
| 610 | 2 | 0 | |a akcionári |
| 610 | 2 | 0 | |a Slovensko |
| 610 | 2 | 0 | |a úpravy právne |
| 610 | 2 | 0 | |a služby investičné |
| 100 | 1 | |a Kačúr, Marián | |